Vladimir, un guerrero / (Registro nro. 14521)

Detalles MARC
000 -LIDER
fixed length control field 01671nam a22003377a 4500
003 - IDENTIFICACDOR DE NÚMERO DE CONTROL
control field DO-SdBNP
005 - DATE AND TIME OF LATEST TRANSACTION
control field 20231215111946.0
008 - ELEMENTOS DE LONGITUD FIJA
fixed length control field 210426b 2021 dr 00| 0 spa d
020 ## - ISBN
International Standard Book Number 9789945178586
040 ## - FUENTE DE CATALOGACIÓN
Agencia que crea de manera original el registro BPMSU
Idioma de catalogación spa
Agencia que realiza la transcripción BPMSU
082 #4 - NÚMERO DE CLASIFICACIÓN DECIMAL DE DEWEY
Classification number RD863.5
Item number P649v 2021
Edition number 22
092 ## - LOCALLY ASSIGNED DEWEY DECIMAL CALL NUMBER
Número de clasificación
100 1# - ASIENTO PRINCIPAL -- NOMBRE PERSONAL
Nombre personal Pinedans, Denise
Fechas asociadas con el nombre
245 10 - MENCIÓN DE TITULO
Título Vladimir, un guerrero /
Mención de responsabilidad Denise Pineda, Mónica Volonteri ; ilustración: Henry Cid ; investigación: Laura V. Sánchez-Vincitore ; coordinación pedagógica: Cledenin Veras
260 ## - PUBLICACIÓN, DISTRIBUCIÓN, ETC. (PIE DE IMPRENTA)
Lugar de publicación, distribución, etc Santo Domingo:
Nombre del editor, distribuidor, etc. Agencia de los Estados Unidos para el Desarrollo Internacional (USAID) ;
-- Universidad Iberoamericana (UNIBE),
Fecha de publicación, distribución, etc 2021
300 ## - DESCRIPCIÓN FÍSICA
Extensión 40 p. :
Otros detalles físicos ils. ;
Dimensiones 21 cm.
490 0# - MENCIÓN DE SERIES
Mención de serie La liga de la esperanza,
Volume/sequential designation 14
500 ## - NOTA GENERAL
Materiales especificados
505 0# - NOTA DE CONTENIDO
Texto normalizado de contenido Tipologías textuales-- Narraciones literaria -- diálogo -- Charla -- Anécdota
520 ## - RESUMEN, ETC.
Nota de resumen, etc. Vladimir Guerrero va a dar una charla para todos los equipos infantiles de beisbol. Maicol, el hermano de Yoel, quiere llevar a su equipo pero necesita el dinero para la guagua. Con el apoyo de una iglesia, la Liga de la Esperanza reúne el dinero para el viaje. El día tan esperado llega y descubren que todos son guerreros, como Vladimir.
590 ## - NOTA LOCAL
Texto de la nota local Inventariado, 2023/VM
650 #4 - ENCABEZAMIENTO DE MATERIA--TEMÁTICO
Término temático o nombre geográfico como elemento de entrada Cuentos juveniles taiwaneses
650 #4 - ENCABEZAMIENTO DE MATERIA--TEMÁTICO
Término temático o nombre geográfico como elemento de entrada Virus
Subdivisión de forma Cuentos
650 #4 - ENCABEZAMIENTO DE MATERIA--TEMÁTICO
Término temático o nombre geográfico como elemento de entrada Literatura juvenil taiwanesa
700 1# - ASIENTO SECUNDARIO -- NOMBRE PERSONAL
Materiales especificados Volonterí Varan, María Mónica,
Fechas asociadas con el nombre 1964-
Mención de responsabilidad autor
700 1# - ASIENTO SECUNDARIO -- NOMBRE PERSONAL
Nombre personal Cid, Mónica
Mención de responsabilidad ilustrador
700 1# - ASIENTO SECUNDARIO -- NOMBRE PERSONAL
Materiales especificados Sánchez-Vincitore, Laura V.
Mención de responsabilidad investigadora
700 1# - ASIENTO SECUNDARIO -- NOMBRE PERSONAL
Materiales especificados Veras, Cledenin
Mención de responsabilidad investigador pedagógico
910 ## - VALIDACIÓN
Validación VMateo V. Control de calidad. BPMSU
942 ## - ADDED ENTRY ELEMENTS (KOHA)
Source of classification or shelving scheme Dewey Decimal Classification
Koha item type Libros
Existencias
Withdrawn status Lost status Source of classification or shelving scheme Damaged status Not for loan Collection code Home library Current library Date acquired Total Checkouts Full call number Barcode Date last seen Price effective from Koha item type Copy number
    Dewey Decimal Classification     Colección Juvenil Dominicana Biblioteca Pública Metropolitana Salomé Ureña Biblioteca Pública Metropolitana Salomé Ureña 12/15/2023   BPMSU CJD RD863.5 P649v 2021 BPMSU23120060 12/15/2023 12/15/2023 Libros  
    Dewey Decimal Classification     Colección Juvenil Dominicana Biblioteca Pública Metropolitana Salomé Ureña Biblioteca Pública Metropolitana Salomé Ureña 12/15/2023   BPMSU CJD RD863.5 P649v 2021 BPMSU23120061 12/15/2023 12/15/2023 Libros e.2
    Dewey Decimal Classification     Colección Juvenil Dominicana Biblioteca Pública Metropolitana Salomé Ureña Biblioteca Pública Metropolitana Salomé Ureña 12/15/2023   BPMSU CJD RD863.5 P649v 2021 BPMSU23120062 12/15/2023 12/15/2023 Libros e.3